| 000 | 00508nam a22001937a 4500 | ||
|---|---|---|---|
| 005 | 20260422111525.0 | ||
| 008 | 260422b |||||||| |||| 00| 0 eng d | ||
| 020 |
_a9789358498127 _c220.00 |
||
| 040 | _aMAIN | ||
| 041 | _aeng | ||
| 082 |
_a350 _bDAS. |
||
| 100 |
_aDas, Deepan. _dBoruah,Santi Saya. |
||
| 245 |
_aGovernance : Issues And Challenges _cBy Deepan Das. |
||
| 250 | _a1st ed. | ||
| 260 |
_aDibrugarh: _bBanalata; _c2025. |
||
| 300 | _a240p. | ||
| 650 | _aPolitical Science | ||
| 942 |
_2ddc _cBK |
||
| 999 |
_c16417 _d16417 |
||